Solar energy/ (Record no. 16005)
[ view plain ]
| 000 -LEADER | |
|---|---|
| fixed length control field | 01089nam a2200385 a 4500 |
| 001 - CONTROL NUMBER | |
| control field | vtls000012156 |
| 003 - CONTROL NUMBER IDENTIFIER | |
| control field | NLI |
| 005 - DATE AND TIME OF LATEST TRANSACTION | |
| control field | 20210601181156.0 |
| 008 - FIXED-LENGTH DATA ELEMENTS--GENERAL INFORMATION | |
| fixed length control field | 101125s1964 nyua 001 0 eng |
| 020 ## - INTERNATIONAL STANDARD BOOK NUMBER | |
| Terms of availability | $ 6.00 |
| 039 #9 - LEVEL OF BIBLIOGRAPHIC CONTROL AND CODING DETAIL [OBSOLETE] | |
| -- | 201011250059 |
| -- | VLOAD |
| 040 0# - CATALOGING SOURCE | |
| Original cataloging agency | NLI |
| Language of cataloging | eng |
| Transcribing agency | VERGIS-2003 |
| 041 1# - LANGUAGE CODE | |
| Language code of text/sound track or separate title | eng |
| 044 1# - COUNTRY OF PUBLISHING/PRODUCING ENTITY CODE | |
| MARC country code | nyu |
| 082 04 - DEWEY DECIMAL CLASSIFICATION NUMBER | |
| Classification number | 621.47 |
| 100 1# - MAIN ENTRY--PERSONAL NAME | |
| Personal name | Rau, Hans |
| 9 (RLIN) | 40763 |
| 245 10 - TITLE STATEMENT | |
| Title | Solar energy/ |
| Statement of responsibility, etc. | Hans Rau; translated by Maxim Schur, edited and revised by D.J. Duffin |
| 260 ## - PUBLICATION, DISTRIBUTION, ETC. | |
| Place of publication, distribution, etc. | New York: |
| Name of publisher, distributor, etc. | Macmillan, |
| Date of publication, distribution, etc. | c1964 |
| 300 ## - PHYSICAL DESCRIPTION | |
| Extent | 171 p.: |
| Other physical details | ill.; |
| Dimensions | 21 cm. |
| 500 ## - GENERAL NOTE | |
| General note | Includes index |
| 650 #0 - SUBJECT ADDED ENTRY--TOPICAL TERM | |
| Topical term or geographic name entry element | Solar energy |
| 9 (RLIN) | 49 |
| 650 #0 - SUBJECT ADDED ENTRY--TOPICAL TERM | |
| Topical term or geographic name entry element | Solar radiation |
| 9 (RLIN) | 40764 |
| 650 #0 - SUBJECT ADDED ENTRY--TOPICAL TERM | |
| Topical term or geographic name entry element | Photovoltaic power generation |
| 9 (RLIN) | 1997 |
| 700 1# - ADDED ENTRY--PERSONAL NAME | |
| Personal name | Duffin, D.J., |
| Relationship | edt, |
| -- | rev |
| 9 (RLIN) | 40765 |
| 700 1# - ADDED ENTRY--PERSONAL NAME | |
| Personal name | Schur, Maxim, |
| Relationship | trl |
| 9 (RLIN) | 40766 |
| 887 ## - NON-MARC INFORMATION FIELD | |
| Content of non-MARC field | A. Kannan |
| 901 ## - LOCAL DATA ELEMENT A, LDA (RLIN) | |
| a | 368317 |
| b | 27/11/1969 |
| 902 ## - LOCAL DATA ELEMENT B, LDB (RLIN) | |
| a | E 621.47 R 19 |
| 903 ## - LOCAL DATA ELEMENT C, LDC (RLIN) | |
| a | 01/03/2004 |
| 904 ## - LOCAL DATA ELEMENT D, LDD (RLIN) | |
| a | A. Kannan |
| 906 ## - LOCAL DATA ELEMENT F, LDF (RLIN) | |
| a | 010929 |
| 949 ## - LOCAL PROCESSING INFORMATION (OCLC) | |
| -- | VIRTUAITEM |
| -- | 10000 |
| -- | 1 |
| -- | 100 |
| 6 | PUR000368317ENG |
| a | E 621.47 R19 |
| 942 ## - ADDED ENTRY ELEMENTS (KOHA) | |
| Source of classification or shelving scheme | Dewey Decimal Classification |
| Koha item type | Books |
| Withdrawn status | Lost status | Damaged status | Not for loan | Collection code | Home library | Current library | Shelving location | Date acquired | Total Checkouts | Full call number | Barcode | Date last seen | Price effective from | Koha item type |
|---|---|---|---|---|---|---|---|---|---|---|---|---|---|---|
| New English | National Library of India | National Library of India | New English - Main Stack Division | E 621.47 R 19 | PUR000368317ENG | 01/06/2021 | 01/06/2021 | Books |
